Pracovný zošit zo slovenského jazyka pre 7. ročník základnej školy a 2. ročník gymnázia s osemročným štúdiom s vyučovacím jazykom maďarským

Podrobná bibliografia
Hlavní autori: Döményová, Andrea (Autor), Pappová, Silvia, 1966- (Autor), Szetyinszká, Veronika (Autor), Vargová, Zuzana (Autor)
Ďalší autori: Žitňanová, Tatiana, 1956- (Ilustrátor)
Médium: Kniha
Jazyk:slovenčina
Fyzický popis:79 strán fotografie, ilustrácie, tabuľky 30 cm 2 voľné prílohy (2 x 16 zopnutých strán)
Vydavateľské údaje: Bratislava Slovenské pedagogické nakladateľstvo 2019
ISBN:9788010035816
Vydanie:Štvrté vydanie
Predmet:

MARC

LEADER 00000cam a2200000 4500
001 vtls011876939
003 SK-MaSNL
005 20260301184921.0
008 210624s2019 xo a crp 000 0 slo
015 |a SNBA2020/10 
020 |a 9788010035816  |q (brožované) 
035 |a urn:nbn:sk:snk-am00ekfm 
035 |a urn:nbn:sk:snk-am3ilao 
035 |a 8A7BCCCD-6195-4AFD-B7CB-6416786D0C6D 
035 |a urn:nbn:sk:snk-am00eo27 
035 |a urn:nbn:sk:snk-am3iifh 
035 |a 566B1469-234A-4BA6-95E8-E0FB90C43A74 
035 |a urn:nbn:sk:snk-am00ekfu 
035 |a urn:nbn:sk:snk-am3iifd 
035 |a 7695067F-6600-4CAA-8EE9-1F8DE797672C 
040 |a SNK  |b slo  |c SNK  |e rda 
041 0 |a slo 
044 |a xo  |c SK 
072 7 |a 811.162.4  |x Slovenčina  |2 konspekt 
080 |a 811.162.4  |2 2011 
080 |a (075.2)  |2 2011 
080 |a (076.1)  |2 2011 
080 |a (075.3)  |2 2011 
100 1 |a Döményová, Andrea  |4 aut  |9 240281 
245 1 0 |a Pracovný zošit zo slovenského jazyka  |b pre 7. ročník základnej školy a 2. ročník gymnázia s osemročným štúdiom s vyučovacím jazykom maďarským  |c Andrea Döményová, Silvia Pappová, Veronika Szetyinszká, Zuzana Vargová 
246 3 3 |a Pracovný zošit zo slovenského jazyka 7 
250 |a Štvrté vydanie 
264 1 |a Bratislava  |b Slovenské pedagogické nakladateľstvo  |c 2019 
300 |a 79 strán  |b fotografie, ilustrácie, tabuľky  |c 30 cm  |e 2 voľné prílohy (2 x 16 zopnutých strán) 
336 |a text  |b txt  |2 rdacontent 
337 |a bez média  |b n  |2 rdamedia 
338 |a zväzok  |b nc  |2 rdacarrier 
338 |a list  |b nb  |2 rdacarrier 
650 0 7 |a slovenčina  |2 SNKPH  |9 1350 
650 0 7 |a Slovak language  |2 SNKPHeng  |9 266031 
655 7 |a učebnice základných škôl  |2 SNKPH  |9 70187 
655 7 |a učebnice stredných škôl  |2 SNKPH  |9 69323 
655 7 |a pracovné zošity  |2 SNKPH  |9 70188 
655 7 |a Textbooks (elementary)  |2 SNKPHeng  |9 276977 
655 7 |a Textbooks (secondary)  |2 SNKPHeng  |9 276359 
655 7 |a Activity books  |2 SNKPHeng  |9 302885 
700 1 |a Döményová, Andrea  |4 aut  |9 240281 
700 1 |a Pappová, Silvia,  |d 1966-  |4 aut  |9 326385 
700 1 |a Szetyinszká, Veronika  |4 aut  |9 326386 
700 1 |a Vargová, Zuzana  |4 aut  |9 8063 
700 1 |a Žitňanová, Tatiana,  |d 1956-  |4 ill  |9 86022 
919 |a 978-80-10-03581-6 
999 |c 862091  |d 864021 
952 |a SNK  |b SNK  |y PREZ  |7 0  |p 17A1393745  |o snkSB 94894  |i snk2019/30730  |8 0  |0 0  |1 0  |4 0  |d 2019-11-28  |f 1  |l 0  |r 2025-05-15 00:00:00  |w 2026-02-24 
952 |a SNK  |b SNK  |y VYP  |7 0  |p 17A1393748  |o snkSB 94894 D1  |i snk2019/30731  |8 0  |3 Dokument obsahuje dve prílohy  |0 0  |1 0  |4 0  |d 2019-11-28  |l 0  |r 2026-02-24 05:15:47  |w 2026-02-24 
952 |a SNK  |b SNK  |y PREZ  |7 0  |p 17A1393746  |o snkSB 94894/príl.1  |i snk2019/30730  |8 0  |z 1 voľná príloha  |0 0  |1 0  |4 0  |d 2019-11-28  |f 1  |l 0  |r 2025-05-15 00:00:00  |w 2026-02-24 
952 |a SNK  |b SNK  |y PREZ  |7 0  |p 17A1393747  |o snkSB 94894/príl.2  |i snk2019/30730  |8 0  |z 1 voľná príloha  |0 0  |1 0  |4 0  |d 2019-11-28  |f 1  |l 0  |r 2025-05-15 00:00:00  |w 2026-02-24 
952 |a SNK  |b SNK  |y VYP  |7 0  |p 17A1393749  |o snkSB 94894/príl.1 D1  |i snk2019/30731  |8 0  |3 voľná príloha č. 1  |z voľná príloha č. 1  |0 0  |1 0  |4 0  |d 2019-11-28  |l 0  |r 2026-02-24 05:15:47  |w 2026-02-24 
952 |a SNK  |b SNK  |y VYP  |7 0  |p 17A1393750  |o snkSB 94894/príl.2 D1  |i snk2019/30731  |8 0  |3 voľná príloha č. 2  |z voľná príloha č. 2  |0 0  |1 0  |4 0  |d 2019-11-28  |l 0  |r 2026-02-24 05:15:47  |w 2026-02-24